000 00568nam a2200181 a 4500
005 20230331063509.0
008 020924s2001 mx r 000 0 spa d
035 _aUPN01000119626
049 _aCG
050 4 _aLB1737.5 M6
_bD4.2
100 1 _aDelgado Moya, Arturo
245 1 0 _aAcerca del normalismo mexicano :
_bdiálogos con el maestro Humberto Ramos Lozano /
_cArturo Delgado Moya.
260 _aMéxico :
_bUANL,
_c2001.
300 _a147 p.
650 4 _aMaestros
_xFormación profesional
_zMéxico
_9796
650 2 _aEscuelas normales
_921869
905 _aLibro
999 _c91978
_d91978